Engineering aerodynamics /

Bibliographic Details
Main Author: Diehl, Walter Stuart, 1893-
Format: Book
Language:English
Published: New York : The Ronald press company, [1936]
Edition:Rev. ed.
Subjects:

MARC

Tag First Indicator Second Indicator Subfields
LEADER 00000cam a2200000 4500
001 in00000096405
005 20150925090216.0
008 750923s1936 nyu 00010 eng
010 |a  36023871  
035 |a (OCoLC)01651106 
035 |9 AAL2375AM 
040 |a DLC  |c FQG  |d OCL  |d TXA  |d UtOrBLW 
049 |a TXAM  |c [664700] 
050 0 0 |a TL573.D46 1936 
082 0 |a 629.1323 
100 1 |a Diehl, Walter Stuart,  |d 1893- 
245 1 0 |a Engineering aerodynamics /  |c by Walter Stuart Diehl ... 
250 |a Rev. ed. 
264 1 |a New York :  |b The Ronald press company,  |c [1936] 
264 4 |c [©1936] 
300 |a xviii, 556 pages :  |b including illustrations, tables, diagrams ;  |c 22 cm. 
336 |a text  |b txt  |2 rdacontent 
337 |a unmediated  |b n  |2 rdamedia 
338 |a volume  |b nc  |2 rdacarrier 
650 0 |a Aerodynamics. 
650 0 |a Airplanes. 
999 |a MARS 
999 f f |s ac6e8e13-02e4-3e36-bb65-dab1ebc9a70c  |i 5ef21502-3b4e-3b81-9076-7f1d131e4a66  |t 0 
952 f f |p ric  |a Texas A&M University  |b Rellis Campus  |c Joint Library Facility  |d Remote Storage  |t 0  |e TL573.D46 1936  |h Library of Congress classification  |i unmediated -- volume  |m A14805543319 
998 f f |a TL573.D46 1936  |t 0  |l Remote Storage